Normal view
MARC view
- PROJECT SUPERVISOR Dr. FAHAD MUMTAZ MALIK
Entry Personal Name
001 - CONTROL NUMBER
- control field: 71394
003 - CONTROL NUMBER IDENTIFIER
- control field: NUST
005 - DATE AND TIME OF LATEST TRANSACTION
- control field: 20210628204629.0
008 - FIXED-LENGTH DATA ELEMENTS
- fixed length control field: 210628|| aca||aabn | a|a d
040 ## - CATALOGING SOURCE
- Original cataloging agency: NUST
- Transcribing agency: NUST
100 ## - HEADING--PERSONAL NAME
- Personal name: PROJECT SUPERVISOR Dr. FAHAD MUMTAZ MALIK
670 ## - SOURCE DATA FOUND
- Source citation: Work cat.: (NUST): FNS FARJAD ADNAN NS SAIF SULTAN NS AMMAR MAHMOOD GC YASIR NAEEM 71392, PR-SOF-1300-DESIGN, FABRICATION AND FLIGHT OF UNMANNED AERIAL VEHICLE (QUADROTOR), 2012
